Crossover effects, chain formation and unambiguous binding
| Published in: | Studies in comparative Germanic syntax, ed. by Hubert Haider, Susan Olsen and Sten Vikner, Dordrecht [etc.], 1995, p. 187-218 (Studies in natural language and linguistic theory) |
|---|---|
| Main Author: | |
| Content type: | Article |
| Published: |
1995
|
| Source: | MPIPL_cat |
MARC
| LEADER | 00000naa a2200000 u 4500 | ||
|---|---|---|---|
| 001 | PL0064576 | ||
| 003 | PLI01000000000000000062774 | ||
| 005 | 00000000000000.0 | ||
| 008 | ||| u | ||
| 100 | 1 | |a Müller, Geron | |
| 245 | 0 | 0 | |a Crossover effects, chain formation and unambiguous binding |c Gereon Müller |
| 260 | |c 1995 | ||
| 773 | 0 | 8 | |t Studies in comparative Germanic syntax |a ed. by Hubert Haider, Susan Olsen and Sten Vikner |d Dordrecht [etc.], 1995 |g p. 187-218 |k Studies in natural language and linguistic theory |w MPIPL_cat.PL0063202 |z 0-7923-3280-6 |i In: |
| 952 | |j 1995 |h p. 187-218 | ||
| 996 | |a Aufsatz | ||
| 997 | |a book chapter | ||